Oscar De La Hoya A-Z - Statistics

General Stats
  • This quiz has been taken 7 times
  • The average score is 10 of 23
Answer Stats
Letter Question Answer % Correct
B Which city did he win Olympic gold in? Barcelona
100%
M Who was Oscar's opponent in the fight billed as "The World Awaits" which produced 2.4 million PPV buys? Floyd Mayweather
100%
G Nickname Golden Boy
100%
D Oscar had a public fued with this president of the UFC in 2021 Dana White
83%
T Oscar's first loss came against which Puerto Ricon boxer? Felix Trinidad
83%
K By what method did he lose to Bernard Hopkins in 2004? Knocked Out
83%
O Oscar fought which famous Basketball player in a 2009 exhibition bout? Shaquille O'Neal
83%
R Which magazine named him as fighter of the year in 1995? The Ring Magazine
83%
U Birth Country USA
83%
Q Which Ghanaian did De La Hoya defeat in 1999? Ike Quartey
67%
E Which other boxing promoter did Oscar have "beef" with in 2021? Eddie Hearn
50%
P His last professional fight came against which boxer? Manny Pacquiao
50%
H Which soccer team does his promotion firm hold a 25% stake in? Houston Dynamo
17%
S Which stadium unveiled a bronze statue of Oscar in 2008? The Staples Centre
17%
V Who was Oscar scheduled to fight in 2021, 13 years after his last fight? Vitor Belfort
17%
N Oscar's record became 10-0 after a win against which fighter? Angel Nunez
0%
I Which famous Mexican trainer did Oscar hire for his last ever fight? Ignacio Beristáin
0%
J Who did Oscar win his first title shot against? Jimmy Bredahl
0%
W Who was the opponent for Oscar's professional debut? Lamar Williams
0%
L De La Hoya fought which actor in a 2016 exhibition bout? Mario Lopez
0%
C He recently split from his second wife in 2018 called Millie Corretjer
0%
A Who trained Oscar for his first 17 fights? Robert Alcazar
0%
F Who did his last ever win come against? Steve Forbes
0%
No matching quizzes found
Score Distribution
Percent of People with Each Score
Percentile by Number Answered
Your Score History
You have not taken this quiz